1859 1748 1969 1411 1040 1949 1713 1849 1833 1301 1497 1148 1006 1700 1257 1395 1772 1241 1408 1897 1005 1356 1042 1943 1943 1455 1451 1454 1051 1002 1356 1424 1540 1868 1318 1397 1609 1040 1959 1526 1227 1341 1585 1135 1949 1946 1536 1432 1034 1024 1063 1676 1176 1323 1700 1036 1830 1605 1172 1050 1879 1425 1365 1490 1157 1752 1938 1893 1143 1248 1065 1770 1663 1310 1115 1956 1357 1408 1238 1121 1413 1616 1301 1464 1726 1287 1999 1687 1432 1496 1357 1542 1833 1436 1849 1466 1432 1613 1591 BCNSPRNW ULIB Ver.6.0+V

เปลี่ยนเป็นภาษาไทย

Change to English
 แสดงรายละเอียดบรรณานุกรม
  กลับหน้าหลัก

Brief Record : Get Marc (ISO 2709) : E-mail record : QR code < ปิดหน้าต่าง
LEADER : 00000nam 2200000uu 4500
001    13399113049
003     ULIB
008    110922s2548||||th 000 0 tha d
020    9746140566 (ล.1)
050  4 PE1116.T6^bส719ภ ล.1 2548
245 10 ภาษาอังกฤษเพื่อการท่องเที่ยว =^bEnglish for tourism /^cปิยะนัฐ ด่านวิวัฒน์ ... [และคนอื่นฯ] ; สาขาวิชาศิลปศาสตร์ มหาวิทยาลัยสุโขทัยธรรมาธิราช
246 14 เอกสารการสอนชุดวิชาภาษาอังกฤษเพื่อการท่องเที่ยว
246 31 English for tourism
250    พิมพ์ครั้งที่ 8
260    นนทบุรี :^bสำนักพิมพ์มหาวิทยาลัยสุโขทัยธรรมาธิราช,^c2548
300    2 เล่ม :^bภาพประกอบ ;^c30 ซม.
500    เอกสารการสอนชุดวิชาภาษาอังกฤษเพื่อการท่องเที่ยว 11302หน่วยที่ 1-8, 9-15
591    LINA มี ล.1
650  4 ภาษาอังกฤษ^xตำราสำหรับชนต่างชาติ
650  4 ภาษาอังกฤษ^xบทสนทนาและวลี
651  7 ไทย^xภูมิประเทศและการท่องเที่ยว^xหนังสือนำเที่ยว
700 0  ปิยะนัฐ ด่านวิวัฒน์
710 2  มหาวิทยาลัยสุโขทัยธรรมาธิราช. ^bสาขาวิชาศิลปศาสตร์
945    ^p0^l0^i018549
995    ทศพร
999 ^a ทศพร
รายการนี้ยังไม่มีแท็ก
คุณยังไม่ได้ล็อกอิน คุณสามารถมีกิจกรรมร่วมกับเว็บไซต์ได้ แต่ต้องล็อกอินก่อน ::
  ล็อกอิน

รายการสื่อสารสนเทศ

ลำดับที่ ประเภท เลขเรียก/บาร์โค้ด สถานที่ สถานะ
- ไม่พบข้อมูล -

BibComment


ยังไม่เคยถูกคอมเมนท์

คอมเมนท์ทรัพยากรรายการนี้
  คอมเมนท์: ภาษาอังกฤษเพื่อกา..


 Copyright 2026. Bcnsprnw @Library